00571nam a22001817a 450000500170000000800410001702000150005804000070007304100120008008200230009210000250011524501020014026000370024230000280027965000170030765000380032470000270036220221228132114.0221228b ||||| |||| 00| 0 eng d a0312218044 cAL aEnglish 223a305.8924bBROR aStephen Eric Bronner aRumor about the Jews: Reflections on Antisemitism and the Protocols of the Learned Elders of Zion aNew YorkbSt.Martins Pressc1949 a177 p.bHBc21.5x14 cm. aAntisemitism aProtocols of the wise men of Zion aBRONNER (Stephen Eric)